[Event "5. OPEN International Championship of Vo"]
[Site "Novi Sad"]
[Date "2014.07.17"]
[Round "7.1"]
[White "Azaladze, Shota"]
[Black "Saric, Sinisa"]
[Result "1/2-1/2"]
[WhiteElo "2499"]
[BlackElo "2400"]
[PlyCount "63"]
[EventDate "2014.07.12"]

1. g3 g6 2. Bg2 Bg7 3. c4 Nf6 4. Nc3 c5 5. Nf3 O-O 6. d4 cxd4 7. Nxd4 Qc7 8.
Nd5 Qxc4 9. Nxe7+ Kh8 10. Nxc8 Rxc8 11. O-O Nc6 12. Nc2 Re8 13. Ne3 Qe6 14. Nd5
Nxd5 15. Bxd5 Qxe2 16. Bxf7 Re7 17. Bd5 Nd4 18. Be3 Qxb2 19. Rb1 Ne2+ 20. Kg2
Nc3 21. Rxb2 Nxd1 22. Rxb7 Nxe3+ 23. fxe3 Rxe3 24. Rxd7 Re2+ 25. Kh3 Rf8 26.
Rc1 Rff2 27. Rc8+ Bf8 28. Bf7 Rxh2+ 29. Kg4 Kg7 30. Bc4+ Re7 31. Rcc7 Kf6 32.
Rc6+ 1/2-1/2

[Event "5. OPEN International Championship of Vo"]
[Site "Novi Sad"]
[Date "2014.07.17"]
[Round "7.2"]
[White "Mrkonjic, Nenad"]
[Black "Savic, Miodrag R"]
[Result "0-1"]
[WhiteElo "2373"]
[BlackElo "2522"]
[PlyCount "136"]
[EventDate "2014.07.12"]

1. d4 Nf6 2. c4 e6 3. Nf3 b6 4. g3 Bb7 5. Bg2 Bb4+ 6. Bd2 a5 7. O-O O-O 8. a3
Bxd2 9. Qxd2 d6 10. Nc3 Ne4 11. Nxe4 Bxe4 12. b4 Nd7 13. Qe3 Nf6 14. Nd2 Bxg2
15. Kxg2 Qd7 16. Qd3 axb4 17. axb4 Ra4 18. b5 Rfa8 19. Rxa4 Rxa4 20. Ne4 Qd8
21. Nxf6+ Qxf6 22. Rc1 g6 23. e3 Qd8 24. Qe4 h5 25. h4 Kf8 26. Qc6 Qa8 27.
Qxa8+ Rxa8 28. Kf3 Ra2 29. e4 e5 30. dxe5 dxe5 31. Rc3 Ke7 32. Ke3 Rb2 33. f4
exf4+ 34. Kxf4 Ke6 35. Rc1 Rb4 36. e5 Ra4 37. Ke4 Ra2 38. c5 Ra4+ 39. Kf3 Ra3+
40. Kf4 Ra4+ 41. Kf3 Kxe5 42. cxb6 cxb6 43. Rc6 Kf5 44. Kg2 Kg4 45. Rc2 Rb4 46.
Rf2 f5 47. Rd2 f4 48. gxf4 Rxf4 49. Rd6 Kxh4 50. Rxb6 g5 51. Rh6 Rb4 52. b6 Kg4
53. Rc6 h4 54. Kh1 Rb1+ 55. Kh2 Rb2+ 56. Kh1 h3 57. Rc4+ Kg3 58. Rc3+ Kh4 59.
Rc6 g4 60. Rc4 Rxb6 61. Rc1 Rb2 62. Ra1 Re2 63. Rb1 Kg3 64. Rg1+ Kf3 65. Rf1+
Rf2 66. Ra1 Rd2 67. Rf1+ Ke2 68. Rg1 Rd1 0-1

[Event "5. OPEN International Championship of Vo"]
[Site "Novi Sad"]
[Date "2014.07.17"]
[Round "7.3"]
[White "Strebkovs, Andrejs"]
[Black "Drazic, Sinisa"]
[Result "1/2-1/2"]
[WhiteElo "2357"]
[BlackElo "2430"]
[PlyCount "156"]
[EventDate "2014.07.12"]

1. Nf3 Nf6 2. c4 e6 3. g3 a6 4. Bg2 b5 5. b3 c5 6. O-O Bb7 7. Nc3 Qb6 8. e3 Be7
9. Bb2 O-O 10. Qe2 bxc4 11. bxc4 d6 12. Rab1 Qc7 13. d3 Nbd7 14. Nd2 Bxg2 15.
Kxg2 Rab8 16. Ba1 Rxb1 17. Rxb1 Rb8 18. f4 Rxb1 19. Ndxb1 Nb6 20. Nd2 d5 21.
Nf3 Nfd7 22. e4 dxc4 23. dxc4 f6 24. f5 Qc6 25. fxe6 Qxe6 26. Nd5 Bf8 27. Qd3
Bd6 28. Nd2 h5 29. Qf3 Be5 30. Bxe5 Qxe5 31. Nxb6 Nxb6 32. Qd3 Qb2 33. Kf3 Kf7
34. Qd6 Kg6 35. Qxc5 Qxd2 36. Qxb6 Qd1+ 37. Kf2 Qc2+ 38. Kg1 Qc1+ 39. Kf2 Qd2+
40. Kf3 Qd3+ 41. Kf2 Qxc4 42. Qa5 Qc2+ 43. Kg1 Qb1+ 44. Kf2 Qc2+ 45. Kg1 Qc8
46. a3 h4 47. gxh4 Qg4+ 48. Kf2 Qf4+ 49. Kg1 Qe3+ 50. Kf1 Qf3+ 51. Kg1 Qe3+ 52.
Kf1 Qxe4 53. Qxa6 Qh1+ 54. Kf2 Qxh2+ 55. Kf1 Qxh4 56. a4 Qf4+ 57. Ke2 Qe5+ 58.
Kd2 Qb2+ 59. Kd3 Qa3+ 60. Kd2 Qb2+ 61. Kd3 Qb3+ 62. Kd4 Qb4+ 63. Kd3 Kf5 64. a5
Ke5 65. Qa7 g5 66. a6 Kd6 67. Qa8 Qb5+ 68. Kd2 Qb2+ 69. Ke1 Qc3+ 70. Kf1 Qc1+
71. Ke2 Qc2+ 72. Ke1 Qc3+ 73. Ke2 Qe5+ 74. Kf1 Qb5+ 75. Ke1 Kc7 76. Qa7+ Kc6
77. Qa8+ Kc7 78. Qa7+ Kc8 1/2-1/2

[Event "5. OPEN International Championship of Vo"]
[Site "Novi Sad"]
[Date "2014.07.17"]
[Round "7.4"]
[White "Atalik, Suat"]
[Black "Jovic, Stevan"]
[Result "1-0"]
[WhiteElo "2550"]
[BlackElo "2254"]
[PlyCount "81"]
[EventDate "2014.07.12"]

1. d4 d5 2. c4 c6 3. Nc3 Nf6 4. Nf3 a6 5. cxd5 cxd5 6. Bf4 Nc6 7. Ne5 Bd7 8. e3
e6 9. Bd3 Bb4 10. O-O Bxc3 11. bxc3 Nxe5 12. dxe5 Ng8 13. Qg4 Kf8 14. Bg5 Qa5
15. Rfc1 h6 16. Bh4 Rc8 17. f3 Qa3 18. Qb4+ Qxb4 19. cxb4 Ke8 20. b5 axb5 21.
Rxc8+ Bxc8 22. Bxb5+ Bd7 23. Rb1 g5 24. Be1 Rh7 25. Bxd7+ Kxd7 26. Rxb7+ Kc8
27. Rb6 Ne7 28. Bb4 Kc7 29. Rb5 Nf5 30. e4 dxe4 31. fxe4 Nd4 32. Bd6+ Kc6 33.
Rc5+ Kb6 34. Rc8 Nc6 35. Kf2 g4 36. Kg3 h5 37. Kf4 Nd4 38. Rb8+ Kc6 39. a4 f6
40. Rb4 fxe5+ 41. Kxe5 1-0

[Event "5. OPEN International Championship of Vo"]
[Site "Novi Sad"]
[Date "2014.07.17"]
[Round "7.5"]
[White "Egorov, Evgeny"]
[Black "Lajthajm, Borko"]
[Result "0-1"]
[WhiteElo "2358"]
[BlackElo "2526"]
[PlyCount "102"]
[EventDate "2014.07.12"]

1. e4 c5 2. Nf3 a6 3. c3 d6 4. d4 Nf6 5. dxc5 dxc5 6. Qxd8+ Kxd8 7. Ne5 Ke8 8.
f3 Nfd7 9. Nc4 Nc6 10. a4 b6 11. Bf4 e5 12. Bg3 Bb7 13. Nbd2 h5 14. h4 Rh6 15.
Kd1 Bd6 16. Kc2 Bc7 17. Bf2 Ne7 18. g3 Rf6 19. Bg2 Rb8 20. Rhd1 b5 21. axb5
axb5 22. Na5 Bc8 23. Nab3 c4 24. Nc5 Bb6 25. Nxd7 Bxd7 26. Bxb6 Rfxb6 27. Ra7
Be6 28. Rda1 Nc6 29. Ra8 Kd7 30. Rxb8 Rxb8 31. f4 f6 32. Bf3 Bf7 33. Nf1 Be8
34. Ne3 Rd8 35. Nd5 Kd6 36. Rd1 Kc5 37. Ne3 Rxd1 38. Bxd1 Ne7 39. Kd2 Bg6 40.
Bc2 Nc6 41. Ng2 b4 42. Ke3 b3 43. Bd1 Ne7 44. Ne1 Nc8 45. Nf3 Kd6 46. Nd2 Bf7
47. Nf1 Nb6 48. Kd2 Na4 49. Kc1 Nc5 50. Nd2 exf4 51. gxf4 Nd3+ 0-1

[Event "5. OPEN International Championship of Vo"]
[Site "Novi Sad"]
[Date "2014.07.17"]
[Round "7.6"]
[White "Draskovic, Luka"]
[Black "Kadric, Denis"]
[Result "0-1"]
[WhiteElo "2340"]
[BlackElo "2494"]
[PlyCount "126"]
[EventDate "2014.07.12"]

1. e4 c5 2. Nf3 d6 3. d4 cxd4 4. Nxd4 Nf6 5. Nc3 a6 6. Be3 Nc6 7. h3 e5 8. Nf3
Be7 9. Bc4 O-O 10. O-O Be6 11. Bb3 Na5 12. Qe2 Nxb3 13. axb3 h6 14. Rfd1 Qc7
15. Nh2 Qc6 16. Qf3 Nh7 17. Qe2 f5 18. f3 Nf6 19. Qd3 fxe4 20. fxe4 Rac8 21.
Rac1 Qe8 22. Rf1 Qg6 23. Kh1 b5 24. Rf3 Kh7 25. Rcf1 b4 26. Ne2 Nxe4 27. Rxf8
Bxf8 28. Nf3 Rxc2 29. Kh2 Rxe2 30. Qxe2 Ng3 31. Ng5+ Qxg5 32. Qd3+ Bf5 33. Bxg5
Bxd3 34. Rxf8 Nf1+ 35. Rxf1 Bxf1 36. Be7 d5 37. Kg1 Bb5 38. Bd6 e4 39. Bc5 Kg6
40. Kf2 Kf5 41. g3 g6 42. Ke3 Bf1 43. h4 Kg4 44. Bd6 Bd3 45. Bf4 h5 46. Bd6 Bc2
47. Bxb4 Kxg3 48. Be7 Bxb3 49. Bg5 a5 50. Bf6 a4 51. Bg5 Kg2 52. Bf6 Kf1 53.
Be7 Ke1 54. Bf6 Kd1 55. Bd4 Kc2 56. Be5 Bc4 57. Bd4 Bb5 58. Be5 Be8 59. Bd4 g5
60. hxg5 h4 61. Bf6 h3 62. Be5 Bg6 63. Ke2 d4 0-1

[Event "5. OPEN International Championship of Vo"]
[Site "Novi Sad"]
[Date "2014.07.17"]
[Round "7.7"]
[White "Radlovacki, Jovan"]
[Black "Burovic, Ismet"]
[Result "0-1"]
[WhiteElo "2443"]
[BlackElo "2366"]
[PlyCount "54"]
[EventDate "2014.07.12"]

1. e4 g6 2. d4 Bg7 3. c3 d6 4. Bd3 Nf6 5. h3 O-O 6. Nd2 Nc6 7. Ne2 e5 8. d5 Ne7
9. g4 c6 10. c4 b5 11. b3 bxc4 12. bxc4 cxd5 13. cxd5 Nfxd5 14. Ba3 Nb6 15. O-O
Be6 16. Nc3 f5 17. Nf3 Kh8 18. Ng5 Bg8 19. Ba6 Nec8 20. Nf3 Nc4 21. Bxc4 Bxc4
22. Re1 Qa5 23. Bb2 Rb8 24. Nd2 Be6 25. Nb3 Qd8 26. Nd5 fxg4 27. hxg4 Qh4 0-1

[Event "5. OPEN International Championship of Vo"]
[Site "Novi Sad"]
[Date "2014.07.17"]
[Round "7.8"]
[White "Pantelic, Sasa"]
[Black "Nestorovic, Nikola"]
[Result "0-1"]
[WhiteElo "2312"]
[BlackElo "2439"]
[PlyCount "72"]
[EventDate "2014.07.12"]

1. d4 Nf6 2. c4 c5 3. d5 b5 4. cxb5 a6 5. bxa6 g6 6. Nc3 Bg7 7. e4 O-O 8. Nf3
Qb6 9. Nd2 Bxa6 10. Be2 d6 11. O-O Bxe2 12. Qxe2 Nbd7 13. Nc4 Qa6 14. a4 Rfb8
15. Bd2 Ne5 16. Nb5 Rxb5 17. axb5 Qxa1 18. Nb6 Ra7 19. Nc8 Qa2 20. Nxa7 Qxa7
21. Bc3 Nfd7 22. Qd1 Nc4 23. Bxg7 Kxg7 24. b3 Ncb6 25. Qd2 f6 26. Qc3 Qa2 27.
Ra1 Qe2 28. h3 Kf7 29. Re1 Qxb5 30. f4 Qb4 31. Qg3 Qd4+ 32. Kh2 c4 33. bxc4
Nxc4 34. Qg4 Nc5 35. Qf3 Nd2 36. Qe3 Nf1+ 0-1

[Event "5. OPEN International Championship of Vo"]
[Site "Novi Sad"]
[Date "2014.07.17"]
[Round "7.9"]
[White "Nestorovic, Lazar"]
[Black "Arsovic, Zoran"]
[Result "1/2-1/2"]
[WhiteElo "2331"]
[BlackElo "2433"]
[PlyCount "26"]
[EventDate "2014.07.12"]

1. d4 Nf6 2. Nf3 g6 3. e3 Bg7 4. Be2 O-O 5. O-O c5 6. c3 Qc7 7. Nbd2 d5 8. b3
b6 9. Bb2 Rd8 10. c4 cxd4 11. Nxd4 Bb7 12. N2f3 Ne4 13. cxd5 Bxd5 1/2-1/2

[Event "5. OPEN International Championship of Vo"]
[Site "Novi Sad"]
[Date "2014.07.17"]
[Round "7.10"]
[White "Tosic, Miroslav"]
[Black "Doric, Nenad"]
[Result "1/2-1/2"]
[WhiteElo "2427"]
[BlackElo "2316"]
[PlyCount "88"]
[EventDate "2014.07.12"]

1. d4 d5 2. c4 c6 3. Nc3 Nf6 4. e3 e6 5. Bd3 Nbd7 6. Nf3 dxc4 7. Bxc4 b5 8. Bd3
Bb7 9. O-O a6 10. b3 c5 11. Bb2 Be7 12. Rc1 O-O 13. Bb1 Rc8 14. Qe2 Qb6 15.
Rfd1 Rfd8 16. h3 cxd4 17. exd4 Qa7 18. d5 Nf8 19. Qe5 Qb8 20. dxe6 Nxe6 21.
Rxd8+ Rxd8 22. Qxb8 Rxb8 23. Ne2 Rc8 24. Rxc8+ Bxc8 25. Ned4 Nxd4 26. Nxd4 Bb7
27. Nf5 Bd8 28. Nd6 Bd5 29. Bd4 Be7 30. Nf5 Bd8 31. f3 g6 32. Nd6 Be7 33. Nc8
Bd8 34. Kf2 Nd7 35. Ke3 f5 36. g4 fxg4 37. hxg4 Kf7 38. Kf4 Be7 39. g5 Bb7 40.
Na7 Nb6 41. Be4 Nd5+ 42. Kg3 Ke6 43. Bf2 Bd6+ 44. Kg2 Bb8 1/2-1/2

[Event "5. OPEN International Championship of Vo"]
[Site "Novi Sad"]
[Date "2014.07.17"]
[Round "7.11"]
[White "Ratkovic, Milovan"]
[Black "Erdogdu, Mert"]
[Result "1-0"]
[WhiteElo "2295"]
[BlackElo "2423"]
[PlyCount "73"]
[EventDate "2014.07.12"]

1. d4 Nf6 2. c4 g6 3. f3 Bg7 4. e4 d6 5. Nc3 c6 6. Be3 a6 7. Qd2 b5 8. O-O-O
Qa5 9. Kb1 Nbd7 10. g4 Nb6 11. e5 dxe5 12. dxe5 Nfd7 13. c5 b4 14. cxb6 bxc3
15. b7 c2+ 16. Qxc2 Bxb7 17. e6 fxe6 18. Bc4 Nb6 19. Bxe6 Nd5 20. Bd2 Qb6 21.
Ne2 Bc8 22. Bxd5 cxd5 23. Bc3 O-O 24. Bxg7 Kxg7 25. Rd3 Qf2 26. Qc3+ Kg8 27.
Qe5 Rf7 28. Nd4 Bd7 29. Rhd1 e6 30. Rc3 Re8 31. Rc7 a5 32. Qd6 Bc8 33. Rxf7
Kxf7 34. Qe5 a4 35. Rc1 a3 36. Rc7+ Re7 37. Qf4+ 1-0

[Event "5. OPEN International Championship of Vo"]
[Site "Novi Sad"]
[Date "2014.07.17"]
[Round "7.12"]
[White "Nestorovic, Dejan"]
[Black "Napoli, Nicolo'"]
[Result "0-1"]
[WhiteElo "2408"]
[BlackElo "2267"]
[PlyCount "80"]
[EventDate "2014.07.12"]

1. d4 f5 2. Nc3 Nf6 3. Bg5 d5 4. f3 c6 5. e3 Qb6 6. Na4 Qd8 7. Bd3 e6 8. Nh3
Bd6 9. Bf4 O-O 10. O-O Qe7 11. Qd2 Nbd7 12. Bxd6 Qxd6 13. b3 b6 14. Rfd1 Bb7
15. c4 dxc4 16. bxc4 c5 17. d5 Ne5 18. Nc3 Ba6 19. Be2 Rfe8 20. Nf4 Nxc4 21.
Bxc4 Bxc4 22. Nxe6 Qe5 23. e4 fxe4 24. fxe4 Re7 25. Re1 Rae8 26. a4 Rd7 27. Qe3
Rxe6 28. dxe6 Rd3 29. Qf2 Rxc3 30. Rad1 Rd3 31. Rxd3 Bxd3 32. e7 c4 33. h3 Qxe7
34. e5 Ne4 35. Qf4 Nc3 36. Kh2 h6 37. Qd4 Nxa4 38. Qd5+ Kh7 39. Re3 Nc5 40. e6
a5 0-1

[Event "5. OPEN International Championship of Vo"]
[Site "Novi Sad"]
[Date "2014.07.17"]
[Round "7.13"]
[White "Pasko, Llambi"]
[Black "Liou, Yian"]
[Result "1/2-1/2"]
[WhiteElo "2285"]
[BlackElo "2387"]
[PlyCount "96"]
[EventDate "2014.07.12"]

1. d4 d5 2. c4 c6 3. Nc3 Nf6 4. Nf3 a6 5. e3 g6 6. Be2 Bg7 7. O-O O-O 8. cxd5
cxd5 9. Ne5 Nbd7 10. f4 e6 11. a4 b6 12. b4 Bb7 13. Ba3 Rc8 14. Rc1 Re8 15. Bd3
Ne4 16. Nxe4 dxe4 17. Bc4 f6 18. Ng4 Nb8 19. Qb3 Bd5 20. b5 axb5 21. Qxb5 Rc6
22. Bxd5 Qxd5 23. Qxd5 exd5 24. Rxc6 Nxc6 25. Rb1 Na5 26. Rxb6 Nc4 27. Rb3 h5
28. Nf2 Ra8 29. Bc1 Rxa4 30. Rc3 f5 31. Rc2 Bf8 32. Kf1 Kf7 33. Ke2 Ke6 34. Bd2
Ra3 35. Nd1 Bd6 36. Bc1 Ra1 37. Bd2 g5 38. g3 h4 39. Ke1 hxg3 40. hxg3 Ra8 41.
Ke2 Rh8 42. Be1 Ra8 43. Nc3 gxf4 44. gxf4 Rb8 45. Ra2 Rb3 46. Rc2 Rb4 47. Rc1
Be7 48. Rc2 Rb3 1/2-1/2

[Event "5. OPEN International Championship of Vo"]
[Site "Novi Sad"]
[Date "2014.07.17"]
[Round "7.14"]
[White "Obodchuk, Andrei"]
[Black "Erden, Kadir"]
[Result "1/2-1/2"]
[WhiteElo "2374"]
[BlackElo "2181"]
[PlyCount "98"]
[EventDate "2014.07.12"]

1. d4 Nf6 2. c4 g6 3. Nc3 Bg7 4. e4 O-O 5. Bg5 d6 6. Qd2 Nbd7 7. Bd3 e5 8. d5
Nc5 9. Bc2 a5 10. Nge2 Qe8 11. f3 h5 12. Nb5 Qd8 13. O-O-O Bd7 14. h3 Bxb5 15.
cxb5 Qe8 16. Nc3 Nh7 17. Be3 Qe7 18. g3 Nd7 19. h4 Rfe8 20. g4 Ndf6 21. Rhg1
Qd7 22. Qe2 Kf8 23. Kb1 Ke7 24. Rdf1 Rh8 25. g5 Ne8 26. f4 exf4 27. Bxf4 Kf8
28. Rf3 Kg8 29. Rgf1 Nf8 30. Be3 Be5 31. b6 Rh7 32. Na4 Qe7 33. bxc7 Nxc7 34.
Nb6 Rd8 35. Nc4 Nd7 36. Nxa5 Rb8 37. Nc4 Na6 38. Nxe5 Nxe5 39. R3f2 Nb4 40. Bd4
Rc8 41. Bc3 Rxc3 42. bxc3 Na6 43. Qb5 Nc5 44. Qb6 Nc4 45. Qb4 Ne5 46. Rf6 Qc7
47. Qa3 Kg7 48. Qb4 Rh8 49. Qd4 Rb8 1/2-1/2

[Event "5. OPEN International Championship of Vo"]
[Site "Novi Sad"]
[Date "2014.07.17"]
[Round "7.15"]
[White "Desnica, Vladan"]
[Black "Leskur, Dejan"]
[Result "0-1"]
[WhiteElo "2254"]
[BlackElo "2393"]
[PlyCount "64"]
[EventDate "2014.07.12"]

1. e4 g6 2. d4 Bg7 3. c3 d6 4. Nf3 Nf6 5. Bd3 O-O 6. O-O Nc6 7. h3 e5 8. dxe5
dxe5 9. Qe2 Nh5 10. Na3 h6 11. Re1 a6 12. Be3 Qf6 13. Rad1 Re8 14. Nh2 Nf4 15.
Bxf4 Qxf4 16. Nc2 h5 17. Ne3 Ne7 18. Qf3 b5 19. a4 c6 20. axb5 axb5 21. Ra1 Be6
22. Nc2 Rad8 23. Nb4 Qxf3 24. Nxf3 c5 25. Nd5 Bxd5 26. exd5 c4 27. Be4 f5 28.
d6 Rxd6 29. Bb7 e4 30. Ng5 Bf6 31. h4 Rb8 32. Ra7 Rd7 0-1

[Event "5. OPEN International Championship of Vo"]
[Site "Novi Sad"]
[Date "2014.07.17"]
[Round "7.16"]
[White "Pecelj, Nedeljko"]
[Black "Cabarkapa, Novak"]
[Result "0-1"]
[WhiteElo "2196"]
[BlackElo "2386"]
[PlyCount "76"]
[EventDate "2014.07.12"]

1. Nf3 Nf6 2. g3 g6 3. Bg2 Bg7 4. c4 d5 5. cxd5 Nxd5 6. Nc3 Nb6 7. O-O Nc6 8.
d3 O-O 9. a3 e5 10. Bg5 f6 11. Be3 Nd4 12. Ne4 c6 13. Nc5 Rf7 14. Rc1 Bf8 15.
b4 Bg4 16. Bxd4 exd4 17. Nb3 Bh6 18. Rc2 Bxf3 19. Bxf3 f5 20. Qa1 Bg7 21. Nc5
Rb8 22. a4 Nd7 23. Ne6 Qf6 24. Nxg7 Kxg7 25. Rc4 Ne5 26. Rxd4 Nxf3+ 27. exf3
Re8 28. Rc1 Re2 29. f4 Kh6 30. Kf1 Rfe7 31. Re4 Qxa1 32. Rxa1 R2xe4 33. dxe4
Rxe4 34. Rb1 Kg7 35. Rb2 Kf6 36. b5 c5 37. a5 Rb4 38. b6 axb6 0-1

[Event "5. OPEN International Championship of Vo"]
[Site "Novi Sad"]
[Date "2014.07.17"]
[Round "7.17"]
[White "Rajak, Luka"]
[Black "Ratkovic, Miloje"]
[Result "0-1"]
[WhiteElo "2161"]
[BlackElo "2383"]
[PlyCount "50"]
[EventDate "2014.07.12"]

1. e4 c6 2. d4 d5 3. Nd2 dxe4 4. Nxe4 Bf5 5. Ng3 Bg6 6. h4 h6 7. f4 e6 8. Nf3
Nd7 9. h5 Bh7 10. Bd3 Bxd3 11. Qxd3 Bb4+ 12. Bd2 Bxd2+ 13. Qxd2 Ngf6 14. O-O-O
O-O 15. f5 Qc7 16. Rh3 e5 17. dxe5 Nxe5 18. Nxe5 Qxe5 19. Re1 Qc5 20. Qf4 Qa5
21. Rf1 Qxa2 22. c3 a5 23. Ne4 Qa1+ 24. Kc2 Qa4+ 25. Kd3 Rad8+ 0-1

[Event "5. OPEN International Championship of Vo"]
[Site "Novi Sad"]
[Date "2014.07.17"]
[Round "7.18"]
[White "Besedes, Danilo"]
[Black "Stojanovic, Andjelija"]
[Result "0-1"]
[WhiteElo "2029"]
[BlackElo "2306"]
[PlyCount "44"]
[EventDate "2014.07.12"]

1. d4 d5 2. c4 Nc6 3. e3 e5 4. cxd5 Qxd5 5. Nc3 Bb4 6. a3 Bxc3+ 7. bxc3 Nf6 8.
Nf3 O-O 9. Be2 e4 10. c4 Qf5 11. Nd2 Qg6 12. Kf1 h5 13. Bb2 Re8 14. Nb1 Ne7 15.
Nc3 Nf5 16. g3 h4 17. Nd5 Nxd5 18. cxd5 Ne7 19. g4 Nxd5 20. h3 c6 21. Rc1 f5
22. Qd2 Rf8 0-1

[Event "5. OPEN International Championship of Vo"]
[Site "Novi Sad"]
[Date "2014.07.17"]
[Round "7.19"]
[White "Jovicic, Radosav"]
[Black "Ljubinkovic, Miodrag"]
[Result "0-1"]
[WhiteElo "2141"]
[BlackElo "2254"]
[PlyCount "56"]
[EventDate "2014.07.12"]

1. d4 d5 2. e3 Nf6 3. Bd3 c6 4. Nd2 Bg4 5. Ne2 e6 6. c3 Nbd7 7. f3 Bh5 8. Nf4
Bg6 9. Nxg6 hxg6 10. e4 dxe4 11. Nxe4 Nxe4 12. fxe4 Qa5 13. g3 Qd8 14. O-O Be7
15. e5 Bg5 16. Qf3 Rf8 17. b4 Bxc1 18. Raxc1 Qb6 19. Kh1 O-O-O 20. a4 Qc7 21.
a5 f6 22. a6 fxe5 23. axb7+ Kb8 24. Qe3 Rf6 25. Ra1 exd4 26. cxd4 Qxb7 27. Rfc1
Nb6 28. b5 cxb5+ 0-1

[Event "5. OPEN International Championship of Vo"]
[Site "Novi Sad"]
[Date "2014.07.17"]
[Round "7.20"]
[White "Nikolovski, Nikola"]
[Black "Kumic, Filip"]
[Result "1-0"]
[WhiteElo "2017"]
[BlackElo "2248"]
[PlyCount "159"]
[EventDate "2014.07.12"]

1. e4 Nf6 2. e5 Ng8 3. d4 d6 4. exd6 exd6 5. Bd3 Nf6 6. h3 Be7 7. Nf3 O-O 8.
O-O c6 9. c3 Re8 10. Bf4 Nbd7 11. Nbd2 Nf8 12. Re1 Ng6 13. Bh2 Bf8 14. Rxe8
Qxe8 15. Nc4 Qd8 16. Qc2 Be6 17. Re1 Qd7 18. Ne3 Re8 19. a4 Qd8 20. b4 Nd5 21.
Nd2 Bc8 22. Kf1 Be6 23. Nxd5 Bxd5 24. Rxe8 Qxe8 25. c4 Be6 26. b5 Qd8 27. Nb3
Qf6 28. Bg3 h6 29. Qd2 Bf5 30. f3 Bxh3 31. gxh3 Qxf3+ 32. Bf2 Nf4 33. Nc1 Qh1+
34. Bg1 Qf3+ 35. Bf2 Qh1+ 36. Bg1 Qxh3+ 37. Ke1 Qf3 38. Be2 Qe4 39. Nd3 Ne6 40.
Qe3 Qh4+ 41. Kd2 Be7 42. Qf2 Qg5+ 43. Kd1 Bf6 44. Bh2 Nxd4 45. Bxd6 Qg6 46. Qe3
Nf5 47. Qe8+ Kh7 48. Bf4 Bd4 49. Kd2 Qf6 50. Bf3 Bc3+ 51. Kc2 Nd4+ 52. Kxc3
Nxf3+ 53. Be5 Qf5 54. Bd4 a6 55. Bc5 axb5 56. axb5 h5 57. bxc6 Qf6+ 58. Kc2
bxc6 59. Qe4+ g6 60. Nf4 Ng5 61. Qd4 Qf5+ 62. Nd3 Ne6 63. Qf2 Qe4 64. Qxf7+ Kh6
65. Bf8+ Kg5 66. Be7+ Kg4 67. Kd2 Kg3 68. Bd6+ Kh4 69. Qf6+ g5 70. Qf2+ Kg4 71.
Qf1 Qd4 72. Qe2+ Kf5 73. Qf3+ Kg6 74. Be5 Qd8 75. Qe4+ Kh6 76. Qxc6 Qe7 77. Nc5
Qxc5 78. Qxe6+ Kh7 79. Qf7+ Kh6 80. Qg7# 1-0

[Event "5. OPEN International Championship of Vo"]
[Site "Novi Sad"]
[Date "2014.07.17"]
[Round "7.21"]
[White "Budimir, Boris"]
[Black "Rajkovic, Mladen"]
[Result "0-1"]
[WhiteElo "2244"]
[BlackElo "2116"]
[PlyCount "90"]
[EventDate "2014.07.12"]

1. e4 e5 2. Nf3 Nc6 3. Bc4 Bc5 4. c3 Nf6 5. d3 d6 6. Nbd2 a6 7. Bb3 O-O 8. O-O
Ba7 9. Nc4 Ne7 10. Bg5 Ng6 11. Nh4 Nf4 12. Qf3 h6 13. Bxf4 Bg4 14. Qg3 exf4 15.
Qxf4 g5 16. Qd2 gxh4 17. Qxh6 Nh7 18. d4 Qg5 19. Qxg5+ Nxg5 20. Ne3 Bd7 21. f3
Kg7 22. Kf2 Rae8 23. Bc2 c6 24. Rae1 Bb8 25. Nf5+ Bxf5 26. exf5 d5 27. g3 hxg3+
28. hxg3 f6 29. Kg2 Kf7 30. Rh1 Rxe1 31. Rxe1 Re8 32. Rxe8 Kxe8 33. f4 Nf7 34.
Kf3 Bd6 35. Bd3 Bf8 36. Ke3 Nd6 37. Kf3 a5 38. a4 Kd7 39. Ke3 Nc4+ 40. Bxc4
dxc4 41. g4 Be7 42. Ke4 Kd6 43. Kf3 Kd5 44. Ke3 b5 45. axb5 cxb5 0-1

[Event "5. OPEN International Championship of Vo"]
[Site "Novi Sad"]
[Date "2014.07.17"]
[Round "7.22"]
[White "Ratic, Zoran"]
[Black "Pardic, Oliver"]
[Result "0-1"]
[WhiteElo "1918"]
[BlackElo "2242"]
[PlyCount "60"]
[EventDate "2014.07.12"]

1. Nf3 Nc6 2. d4 d5 3. c4 Bg4 4. cxd5 Bxf3 5. dxc6 Bxc6 6. Nc3 e6 7. a3 Qh4 8.
e4 O-O-O 9. g3 Qf6 10. Be3 Bc5 11. d5 Bxe3 12. fxe3 Ne7 13. Bc4 Qe5 14. Qg4 f5
15. Qg5 exd5 16. exd5 Bxd5 17. Bxd5 Nxd5 18. Nxd5 Rxd5 19. O-O Qxb2 20. Rae1
Qe5 21. Rf3 Rhd8 22. Ref1 g6 23. Qh4 R8d7 24. g4 Qe4 25. h3 b6 26. Qf6 Kb7 27.
gxf5 gxf5 28. Kf2 R7d6 29. Qf7 Rd2+ 30. Kg1 Rg6+ 0-1

[Event "5. OPEN International Championship of Vo"]
[Site "Novi Sad"]
[Date "2014.07.17"]
[Round "7.23"]
[White "Kler, Borko"]
[Black "Tomin, Ksenija"]
[Result "1/2-1/2"]
[WhiteElo "2242"]
[BlackElo "2046"]
[PlyCount "49"]
[EventDate "2014.07.12"]

1. e4 c5 2. Nf3 e6 3. d4 cxd4 4. Nxd4 a6 5. Bd3 Bc5 6. Nb3 Be7 7. O-O d6 8. c4
Nf6 9. Nc3 O-O 10. Be3 b6 11. f4 Nbd7 12. g4 Bb7 13. g5 Ne8 14. Qg4 Nc7 15.
Rad1 Re8 16. h4 Bf8 17. h5 Qe7 18. Qg3 Kh8 19. Rf2 d5 20. e5 Nc5 21. Nxc5 bxc5
22. g6 d4 23. gxf7 Red8 24. Rh2 dxc3 25. Qg6 1/2-1/2

[Event "5. OPEN International Championship of Vo"]
[Site "Novi Sad"]
[Date "2014.07.17"]
[Round "7.24"]
[White "Sorgic, Dragan"]
[Black "Uzumcu, Ahmet Utku"]
[Result "1-0"]
[WhiteElo "2238"]
[BlackElo "1780"]
[PlyCount "84"]
[EventDate "2014.07.12"]

1. e4 e5 2. Bc4 Nf6 3. d3 c6 4. Nf3 d5 5. Bb3 Bg4 6. h3 Bh5 7. g4 Bg6 8. exd5
e4 9. Ne5 exd3 10. Nxg6 hxg6 11. Qxd3 Nxd5 12. O-O Be7 13. c4 Nf6 14. Qxd8+
Kxd8 15. Kg2 Nbd7 16. Nc3 Bd6 17. Rd1 Kc7 18. c5 Nxc5 19. Bxf7 Raf8 20. Bxg6
Nxg4 21. Rxd6 Rxf2+ 22. Kg3 Kxd6 23. hxg4 Rhh2 24. Ne4+ Nxe4+ 25. Bxe4 Ke5 26.
Bf3 Kd4 27. a4 Rc2 28. a5 a6 29. Bf4 g6 30. Re1 Kc4 31. Re4+ Kb5 32. Re7 Rxb2
33. Rxb7+ Kxa5 34. Bc7+ Ka4 35. Bxc6+ Ka3 36. Bd6+ Ka2 37. Bd5+ Kb1 38. Be4+
Ka2 39. Ra7 Rbd2 40. Rxa6+ Kb3 41. Bxg6 Kc4 42. Bf4 Rdf2 1-0

[Event "5. OPEN International Championship of Vo"]
[Site "Novi Sad"]
[Date "2014.07.17"]
[Round "7.25"]
[White "Lukajic, Bojan"]
[Black "Popchev, Milko"]
[Result "0-1"]
[WhiteElo "2153"]
[BlackElo "2331"]
[PlyCount "64"]
[EventDate "2014.07.12"]

1. e4 b6 2. d4 Bb7 3. Nc3 d6 4. Nf3 Nd7 5. Bf4 e6 6. Qd2 Ngf6 7. Bd3 Be7 8.
O-O-O O-O 9. Rhg1 Nh5 10. g4 Nxf4 11. Qxf4 e5 12. Qe3 exd4 13. Nxd4 Ne5 14. f4
Nxd3+ 15. Rxd3 Re8 16. g5 Bf8 17. Nf5 g6 18. Nh6+ Bxh6 19. gxh6 Qh4 20. Rg3
Qxh6 21. Rh3 Qg7 22. Nd5 f5 23. e5 dxe5 24. fxe5 Rxe5 25. Qf3 Rae8 26. c3 Re1+
27. Kc2 R8e2+ 28. Kb3 Qf7 29. c4 Re4 30. Qg3 b5 31. Qg5 bxc4+ 32. Ka3 Qf8+ 0-1

[Event "5. OPEN International Championship of Vo"]
[Site "Novi Sad"]
[Date "2014.07.17"]
[Round "7.26"]
[White "Petrusic, Velimir"]
[Black "Iveljic, Igor"]
[Result "1/2-1/2"]
[WhiteElo "2104"]
[BlackElo "2294"]
[PlyCount "54"]
[EventDate "2014.07.12"]

1. d4 Nf6 2. Nf3 d6 3. g3 g6 4. Bg2 Bg7 5. O-O O-O 6. b3 c5 7. Bb2 cxd4 8. Nxd4
d5 9. c4 dxc4 10. Na3 cxb3 11. Qxb3 Nc6 12. Rfd1 Nxd4 13. Bxd4 Qa5 14. Nc4 Qh5
15. Qb2 Be6 16. Rac1 Rac8 17. Nd6 Rxc1 18. Rxc1 b6 19. Nb5 Rc8 20. Rxc8+ Bxc8
21. Nxa7 Bh3 22. Nc6 Bf8 23. Nxe7+ Bxe7 24. Bxf6 Bxf6 25. Qxf6 Bxg2 26. Qd8+
Kg7 27. Qd4+ Kg8 1/2-1/2